00291nam a2200121Ia 4500008004100000100003200041245002500073260002600098300000900124650001200133942000700145999001700152190216s9999||||xx |||||||||||||| ||und|| aBrijilal And Subrahmanyam N 0aProperties Of Matter bEurasia Pub-Ltdc1999 a441p aPhysics cBK c32982d32982